Looking Out for You - Joy Again [lyrics] - Statistics

General Stats
  • This quiz has been taken 44 times
  • The average score is 166 of 212
Answer Stats
Answer % Correct
for
100%
guess
100%
I
100%
"I
100%
looking
100%
out
100%
should
100%
stop
100%
you
100%
a
97%
always
97%
do
97%
like
97%
me
97%
start
97%
When
97%
when
97%
will
93%
to
90%
too
90%
at
87%
just
87%
the
87%
him
83%
It's
83%
it's
83%
my
83%
shoes
83%
staring
83%
way
83%
with
83%
you're
83%
about
80%
be
80%
but
80%
feel
80%
glancing
80%
guilty
80%
in
80%
Instead
80%
leaving
80%
makes
80%
of
80%
we
80%
And
77%
girl
77%
go"
77%
go
77%
her
77%
is
77%
know
77%
love
77%
who
77%
I'm
73%
liking
73%
never
73%
shy
73%
Something
73%
song
73%
stupid
73%
tell
73%
This
73%
we're
73%
much
70%
no
70%
talking
70%
that
70%
on
67%
our
67%
ourselves
67%
pretty
67%
She's
67%
snow
67%
else
63%
old
63%
situation
63%
smile
63%
someone
63%
walking
63%
all
60%
got
60%
same
60%
say
60%
there
60%
waiting
60%
while
60%
beaming
57%
'bout
57%
hope
57%
own
57%
think
57%
a-wastin'
53%
back
53%
Come
53%
dear
53%
have
53%
lives
53%
normal
53%
throat
53%
time's
53%
up
53%
return
50%
You've
50%
Before
47%
choked
47%
inside
47%
around
13%
No matching quizzes found
Score Distribution
Percent of People with Each Score
Percentile by Number Answered
Your Score History
You have not taken this quiz